Valuation approach for properties in multi-storey, multi-occupancy residential buildings with cladding, (Record no. 121258)

MARC details
000 -LEADER
fixed length control field 01515nam a22002897a 4500
001 - CONTROL NUMBER
control field 121258
005 - DATE AND TIME OF LATEST TRANSACTION
control field 20250811135616.0
008 - FIXED-LENGTH DATA ELEMENTS--GENERAL INFORMATION
fixed length control field 061222b2022 xxu||||| |||| 00| 0 eng d
020 ## - INTERNATIONAL STANDARD BOOK NUMBER
ISBN 9781783214921
041 ## - LANGUAGE CODE
Language code of text/sound track or separate title eng
100 ## - MAIN ENTRY--PERSONAL NAME
Personal author Sellars, Nigel
110 ## - MAIN ENTRY--CORPORATE NAME
Corporate author Royal Institution of Chartered Surveyors
245 ## - TITLE STATEMENT
Title Valuation approach for properties in multi-storey, multi-occupancy residential buildings with cladding,
Subtitle RICS professional standard, England,
Statement of responsibility, etc Effective 6 December 2022 to 31 December 2023
Medium [old edition]
250 ## - EDITION
Edition statement 1st
260 ## - PUBLICATION INFORMATION
Place of publication London,
Publisher Royal Institution of Chartered Surveyors,
Date December 2022
300 ## - PHYSICAL DESCRIPTION
Physical description 23p
490 ## - SERIES TITLE
Series statement RICS professional standard
500 ## - GENERAL NOTE
General note Superseded by 2nd edition effective from 1 January 2024 ISBN 9781783215164
520 ## - ABSTRACT
Abstract This document is intended to help valuers undertaking valuations for secured lending purposes on domestic residential flats, within residential blocks of 5 or more storeys or 11 metres or more tall. In accordance with the remediation schemes and qualifying lease protections, applicable to England only. The result of consultation that took place in the second half of 2022.
650 ## - KEYWORDS
Keywords Cladding
650 ## - KEYWORDS
Keywords Valuation
651 ## - SUBJECT ADDED ENTRY--GEOGRAPHIC NAME
Geographic name United Kingdom
690 ## - BROAD SUBJECT
9 (RLIN) 6273
Broad subject Valuation
690 ## - BROAD SUBJECT
9 (RLIN) 6308
Broad subject Cladding
856 ## - ONLINE RESOURCE
Uniform Resource Identifier <a href="https://www.rics.org/profession-standards/knowledge-and-information-services/document-delivery-and-o">https://www.rics.org/profession-standards/knowledge-and-information-services/document-delivery-and-o</a>
Public note email [email protected] to request a copy of this old edition
942 ## - ADDED ENTRY ELEMENTS (KOHA)
Suppress in OPAC Do not suppress in OPAC
Holdings
Lost status Source of classification or shelving scheme Damaged status Not for loan Home library Current library Shelving location Date acquired Total Checkouts Full call number Date last seen Price effective from Koha item type Public note
  Dewey Decimal Classification     Virtual Virtual Online 06/12/2022   SCAN 05/01/2024 06/12/2022 Online material Please contact [email protected] to request a digital copy